000 00360nam a2200169Ia 4500
100 _aBURT/ANGELA
650 _aPHILOPSOPHY
942 _cBK
366 _f25
654 _aWORD POWER
245 _aINCREASE YOUR WORD POWER
260 _bBETTER YOURSELF BOOK
_aBandra
_c2001
082 _a107/BUR
_bBUR
300 _a219
546 _aENGLISH
999 _c26041
_d26041